Evaluación de sistema de riego por goteo en el cultivo de naranja dulce Citrus Cienesis L., limón, Citrus Limonun L., naranja agria, Citrus aurntium L. y aguacate, Persea Americana Millar en la finca Bello Amanecer, ubicada en la comunidad de las Mercedes, municipio de Cárdenas y departamento de Rivas

En el presente estudio se realizará un análisis de las principales propiedades hidrofísicas de los suelos. Además se evaluara la eficiencia de funcionamiento con el que este opera, desde el punto de vista agronómico acorde a los cultivos establecidos en la finca. Y una evaluación de los compon...

Full description

Bibliographic Details
Main Authors: Chávez Rivera, Nelson Antonio, Mora Martínez, Jairo Rafael
Other Authors: Tutor: Aguilar Velásquez, Alvaro Beni
Format: Tesis Section = Libro
Language:Undetermined
Spanish
Published: Managua UNI 2013
Subjects:
LEADER 01385nam a2200265Ia 4500
008 240830s9999 xx 000 0 und d
040 |a BIBLIOTECA-RUPAP Mon 631.7 Ch512 
041 |a spa 
082 |a Mon 631.7 Ch512 
100 1 |a Chávez Rivera, Nelson Antonio 
100 1 |b  Mora Martínez, Jairo Rafael 
245 1 0 |a Evaluación de sistema de riego por goteo en el cultivo de naranja dulce Citrus Cienesis L., limón, Citrus Limonun L., naranja agria, Citrus aurntium L. y aguacate, Persea Americana Millar en la finca Bello Amanecer, ubicada en la comunidad de las Mercedes, municipio de Cárdenas y departamento de Rivas 
260 |a Managua  |b UNI  |c 2013 
300 |a 119 p. :il. 
500 |a Contiene: anexos e Incluye: CD. 
502 |a Tesis (Ingeniero Agrícola)- UNI, 2013. 
520 3 |a En el presente estudio se realizará un análisis de las principales propiedades hidrofísicas de los suelos. Además se evaluara la eficiencia de funcionamiento con el que este opera, desde el punto de vista agronómico acorde a los cultivos establecidos en la finca. Y una evaluación de los componentes del sistema. 
650 7 |a RIEGO POR GOTEO 
650 7 |b ABASTECIMIENTO DE AGUA 
650 7 |c AGRICULTURA 
650 7 |d DESARROLLO DE RECURSOS HIDROLOGICOS 
700 1 |a Tutor:  |b Aguilar Velásquez, Alvaro Beni 
942 |c BK  |2 ddc 
991 |a TESIS 
999 |c 16715